The New Jerome biblical commentary / (Record no. 2180)
[ view plain ]
| 000 -LEADER | |
|---|---|
| fixed length control field | 01276cam a2200301 a 4500 |
| 001 - CONTROL NUMBER | |
| control field | 4818448 |
| 003 - CONTROL NUMBER IDENTIFIER | |
| control field | GBCCL |
| 005 - DATE AND TIME OF LATEST TRANSACTION | |
| control field | 20241126110421.0 |
| 008 - FIXED-LENGTH DATA ELEMENTS--GENERAL INFORMATION | |
| fixed length control field | 890224s1990 njuabf b 001 0 eng |
| 010 ## - | |
| -- | 89031382 |
| 020 ## - INTERNATIONAL STANDARD BOOK NUMBER | |
| International Standard Book Number | 0136149340 |
| 020 ## - INTERNATIONAL STANDARD BOOK NUMBER | |
| International Standard Book Number | 0138598363 (pbk.) |
| 040 ## - CATALOGING SOURCE | |
| Original cataloging agency | DLC |
| Transcribing agency | DLC |
| Modifying agency | DLC |
| 050 00 - | |
| -- | BS491.2 |
| -- | .N485 1990 |
| 082 00 - DEWEY DECIMAL CLASSIFICATION NUMBER | |
| Classification number | 220.7 |
| Edition information | 19 |
| Item number | NEW |
| 245 04 - TITLE STATEMENT | |
| Title | The New Jerome biblical commentary / |
| Statement of responsibility, etc. | edited by Raymond E. Brown, Joseph A. Fitzmyer, Roland E. Murphy ; with a foreword by Carlo Maria Cardinal Martini. |
| 260 ## - PUBLICATION, DISTRIBUTION, ETC. | |
| Place of publication, distribution, etc. | Bangalore : |
| -- | Englewood Cliffs, N.J. : |
| Name of publisher, distributor, etc. | Theological publications in India, |
| -- | Prentice-Hall, |
| Date of publication, distribution, etc. | c1990. |
| 300 ## - PHYSICAL DESCRIPTION | |
| Extent | xlviii, 1484 p., [2] p. of plates : |
| Other physical details | ill., col. maps ; |
| Dimensions | 27 cm. |
| 504 ## - BIBLIOGRAPHY, ETC. NOTE | |
| Bibliography, etc. note | Includes bibliographical references (p. 1427-1430) and index. |
| 630 00 - SUBJECT ADDED ENTRY--UNIFORM TITLE | |
| Uniform title | Bible |
| General subdivision | Commentaries. |
| 9 (RLIN) | 1243 |
| 700 1# - ADDED ENTRY--PERSONAL NAME | |
| Personal name | Brown, Raymond E. |
| Fuller form of name | (Raymond Edward), |
| Dates associated with a name | 1928-1998. |
| 9 (RLIN) | 2835 |
| 700 1# - ADDED ENTRY--PERSONAL NAME | |
| Personal name | Fitzmyer, Joseph A. |
| 9 (RLIN) | 2388 |
| 700 1# - ADDED ENTRY--PERSONAL NAME | |
| Personal name | Murphy, Roland E. |
| Fuller form of name | (Roland Edmund), |
| Dates associated with a name | 1917-2002. |
| 9 (RLIN) | 4458 |
| 906 ## - LOCAL DATA ELEMENT F, LDF (RLIN) | |
| a | 7 |
| b | cbc |
| c | orignew |
| d | 1 |
| e | ocip |
| f | 19 |
| g | y-gencatlg |
| 942 ## - ADDED ENTRY ELEMENTS (KOHA) | |
| Source of classification or shelving scheme | Dewey Decimal Classification |
| Koha item type | Reference Books |
| Withdrawn status | Lost status | Source of classification or shelving scheme | Damaged status | Not for loan | Home library | Current Library | Shelving location | Date acquired | Total checkouts | Full call number | Barcode | Date last seen | Copy number | Price effective from | Koha item type |
|---|---|---|---|---|---|---|---|---|---|---|---|---|---|---|---|
| Dewey Decimal Classification | GRACE BIBLE COLLEGE | GRACE BIBLE COLLEGE | Commentary | 2017-07-11 | 220.7 NEW | 003862 | 2025-05-01 | c.1 | 2017-07-11 | Reference Books | |||||
| Dewey Decimal Classification | GRACE BIBLE COLLEGE | GRACE BIBLE COLLEGE | Commentary | 2017-07-11 | 220.7 NEW | 003863 | 2025-05-01 | c.2 | 2017-07-11 | Reference Books |